Mental disorders - Statistics

General Stats
  • This quiz has been taken 1,788 times
  • The average score is 13 of 27
Answer Stats
Hint Answer % Correct
A condition in which a person has periods of depression and periods of being extremely happy or being cross or irritable. Bipolar Disorder
85%
A problem of not being able to focus, being overactive, not being able control behavior, or a combination of these. Attention Deficit Hyperactivity Disorder (ADHD)
84%
A mood disorder in which feelings of sadness, loss, anger, or frustration interfere with everyday life for weeks or longer. Deppresive Disorder
83%
An eating disorder that makes people lose more weight than is considered healthy for their age and height. Persons with this disorder may have an intense fear of weight gain, even when they are underweight. They may diet or exercise too much or use other ways to lose weight. Anorexia Nervosa
76%
A group of mental disorders characterized by excessive feelings of anxiety and fear,[1] where anxiety is worry about future events and fear is a reaction to current events. Anxiety Disorder
71%
Difficulty in learning to read or interpret words, letters, and other symbols, but that do not affect general intelligence. Dyslexia
71%
A range of complex neurodevelopment disorders, characterized by social impairments, communication difficulties, and restricted, repetitive, and stereotyped patterns of behavior. Autism
70%
Life-threatening eating disorder characterized by a cycle of bingeing and compensatory behaviors such as self-induced vomiting designed to undo or compensate for the effects of binge eating. Bulimia Nervosa
69%
A type of anxiety disorder. It can occur after you have gone through an extreme emotional trauma that involved the threat of injury or death. Posttraumatic stress disorder (PTSD)
69%
an anxiety disorder in which people have unwanted and repeated thoughts, feelings, ideas, sensations, or behaviors that make them feel driven to do something. Obsessive-Compulsive Disorder (OCD)
68%
a mental disorder that makes it hard to: Tell the difference between what is real and not real; Think clearly; Have normal emotional responses; Act normally in social situations. Schizophrenia
68%
Trouble falling asleep or staying asleep through the night. Episodes may come and go (episodic), last up to 3 weeks (short-term), or be long-lasting (chronic). Insomnia
60%
a serious eating disorder in which you frequently consume unusually large amounts of food. Binge Eating Disorder
56%
A form of dementia that gradually gets worse over time. It affects memory, thinking, and behavior. Alzheimer's Disease
54%
a persistent neurotic impulse to steal especially without economic motive. Kleptomania
52%
A condition in which people have an excessive sense of self-importance, an extreme preoccupation with themselves, and lack of empathy for others. Narcissistic Personality Disorder
51%
A condition that causes a person to make repeated, quick movements or sounds that they cannot control. These movements or sounds are called tics. Tourette Syndrome
51%
a mental health condition in which a person has a long-term pattern of manipulating, exploiting, or violating the rights of others. This behavior is often criminal. Antisocial Personality Disorder
36%
A mental health condition in which a person has a long-term pattern of distrust and suspicion of others, but does not have a full-blown psychotic disorder such as schizophrenia. Paranoid Personality Disorder
36%
A disease that affects the nervous system and causes people's muscles to become weak and their arms and legs to shake. Parkinson's Disease
33%
A dissociative disorder involving a disturbance of identity in which two or more separate and distinct personality states (or identities) control an individual's behavior at different times. Dissociative Identity Disorder (multiple personality disorder)
29%
The derivation of pleasure from the infliction of physical or mental pain either on others or on oneself. Sadomasochism
19%
Characterized by withdrawal from affectional, social and other contacts with preference for fantasy, solitary activities, and introspection. There is a limited capacity to express feelings and to experience pleasure. Schizoid Personality Disorder
13%
Repeated episodes of impulsive, aggressive, violent behavior or angry verbal outbursts in which you react grossly out of proportion to the situation. Intermittent Explosive Disorder
7%
A disturbed state of consciousness in which the one affected seems to perform acts in full awareness but upon recovery cannot recollect the acts performed. Fugue State
5%
A disorder of the nervous system that leads to developmental reversals, especially in the areas of expressive language and hand use. Rett's disorder
1%
A person has physical symptoms that involve more than one part of the body, but no physical cause can be found. Somatization Disorder
1%
No matching quizzes found
Score Distribution
Percent of People with Each Score
Percentile by Number Answered
Your Score History
You have not taken this quiz